| 000 | 00967cam a2200289 i 4500 | ||
|---|---|---|---|
| 999 |
_c43650 _d43650 |
||
| 001 | 43650 | ||
| 003 | Mx-PuUPA | ||
| 005 | 20191008155843.0 | ||
| 008 | 140415s1975 nyuag r 000 0 eng d | ||
| 020 | _a0385000049 | ||
| 040 |
_aMx-PuUPA _bspa _cMx-PuUPA _dMx-PuUPA _erda |
||
| 041 | 0 | _aeng | |
| 245 | 1 | 0 |
_aBest loved songs of the american people / _cDenes Agay, compilador ; ilustrations by Reisie Lonette |
| 250 | _aFirst edition | ||
| 264 | 4 |
_aNew York : _bDoubleday & Company, _c1975 |
|
| 300 |
_a403 páginas : _bilustraciones, partituras ; _c29 cm. |
||
| 336 |
_2rdacontent _atexto _btxt |
||
| 337 |
_2rdamedia _asin medio _bn |
||
| 338 |
_2rdacarrier _avolumen _bnc |
||
| 650 | 4 |
_aCanciones, inglés _zEstados Unidos |
|
| 650 | 4 | _aCanciones, inglés | |
| 651 | 4 | _aEstados Unidos | |
| 700 | 1 |
_aAgay, Denes, _eeditor _97728 |
|
| 700 | 1 |
_aLonette, Reisie, _eilustrador |
|
| 942 |
_2ddc _cLI _h784.498 _iB554 |
||